Blitz: Letter Count European Capitals Quiz Stats

Quiz Updated Dec 23, 2013

Also try: Europe by Capital
Challenge
Share
Tweet
Embed
Score 0/9 Timer 01:00
0 Plays Today
Letters Capital % Correct
6Ankara, Athens, Berlin, Dublin, Lisbon, London, Madrid, Monaco, Moscow, Prague, Skopje, Tirana, Vienna, Warsaw, Zagreb
99.3%
4Bern, Kyiv, Oslo, Riga, Rome
96.6%
5Minsk, Paris, Sofia, Vaduz
91.6%
9Amsterdam, Bucharest, Ljubljana, Podgorica, Reykjavik, San Marino, Stockholm
78%
8Belgrade, Brussels, Budapest, Chisinau, Helsinki, Pristina, Sarajevo, Valletta
75.4%
10Bratislava, Copenhagen, Luxembourg
56.4%
11Vatican City
30.4%
7Nicosia, Tallinn, Vilnius
29.9%
14Andorra La Vella
27%

You're not logged in!

Compare scores with friends on all Sporcle quizzes.
Join for Free
OR
Log In

You Might Also Like...

Show Comments

Extras

Top Quizzes Today


Score Distribution

Your Account Isn't Verified!

In order to create a playlist on Sporcle, you need to verify the email address you used during registration. Go to your Sporcle Settings to finish the process.

Report this User

Report this user for behavior that violates our Community Guidelines.

Details: